| Поле | Инд. | ПП | Название | Значение |
|---|---|---|---|---|
| Тип записи | a | |||
| Библиографический уровень | m | |||
| 001 | Контрольный номер | RU/LIBMSTU/407253507 | ||
| 005 | Дата корректировки | 20140505132549.2 | ||
| 008 | Кодируемые данные | 121203|||||||||ru |||||||||||000|||rus|| | ||
| 020 | a | ISBN | 978-5-394-01472-7 | |
| 040 | b | Код языка каталог. | rus | |
| 041 | a | Код языка текста | rus | |
| 084 | a | Индекс другой классификации/Индекс ББК | 65.5+65.59(2Рос) | |
| 090 | a | Полочн. индекс | 65.5 | |
| x | Авторский знак | А 47 | ||
| 100 | 1_ | a | Автор | Алексеев И. С. |
| 245 | 10 | a | Заглавие | Внешнеэкономическая деятельность |
| 250 | a | Основные сведения об издании | 2-е изд. | |
| 260 | a | Место издания | Москва | |
| b | Издательство | Дашков и К | ||
| c | Дата издания | 2012 | ||
| 300 | a | Объем | 302 с. | |
| b | Иллюстрации/ тип воспроизводства | ил. | ||
| 504 | a | Библиография | Библиогр.: с. 298-302 | |
| 650 | a | Основная рубрика | Внешнеэкономическая деятельность-Российская Федерация | |
| 653 | a | Ключевые слова | Внешнеэкономическая деятельность; Внешнеэкономические связи; Маркетинг; Международная конкуренция; Международные фирмы; Международные экономические отношения; Мировая экономика; Мирохозяйственные связи | |
| 901 | t | Тип документа | m |